| 000 | 00937nas a2200289 4500 | ||
|---|---|---|---|
| 001 | BR2012005786 | ||
| 003 | BR-BrBNA | ||
| 005 | 20231205120959.0 | ||
| 007 | ta | ||
| 008 | 230509b bl.|||p| |||| 00| 00por d | ||
| 040 |
_aBR-BrBNA _bpor _cBiblioteca Nacional de Agricultura |
||
| 041 | _a(Pt) | ||
| 072 | _aF06; U10 | ||
| 100 | 1 | _aLopes, F.B. | |
| 100 | 1 | _aSouza, F. de | |
| 100 | 1 | _aAndrade, E.M. de | |
| 100 | 1 | _aMeireles, A.C.M. | |
| 100 | 1 | _aCaitano, R.F. | |
| 245 | 1 | _aDeterminação do padrão do manejo da irrigação praticada no perímetro irrigado Baixo Acarú, Ceará, via análise multivariada | |
| 650 | _aMANEJO DE ÁGUA | ||
| 650 | _aDISPONIBILIDADE DE ÁGUA | ||
| 650 | _aANÁLISE ESTATÍSTICA | ||
| 650 | _aAGRICULTURA DE PRECISÃO | ||
| 773 | 0 |
_tIrriga (Brazil) _xISSN 1808-3765 _g(Jul-Sep 2011), v. 16(3) p. 301-316 _wBR2012005786 |
|
| 909 |
_a202311 _bLúcia _c55 _dLúcia Elande |
||
| 942 |
_2AGRIS _n0 _cANA |
||
| 999 |
_c221292 _d221292 |
||